Union of the Comoros : Interim Poverty Reduction Strategy Paper; Joint Staff Advisory Note.

This paper presents a Joint Staff Advisory Note on the Union of the Comoros's Interim Poverty Reduction Strategy Paper (I-PRSP). The I-PRSP's macroeconomic framework is broadly in line with the government's objectives of improving opportunities and living conditions for the poor. It e...

Full description

Bibliographic Details
Corporate Author: International Monetary Fund
Format: Journal
Language:English
Published: Washington, D.C. : International Monetary Fund, 2006.
Series:IMF Staff Country Reports; Country Report ; No. 2006/189
Online Access:Full text available on IMF
LEADER 01679cas a2200241 a 4500
001 AALejournalIMF009063
008 230101c9999 xx r poo 0 0eng d
020 |c 5.00 USD 
020 |z 9781451809138 
022 |a 1934-7685 
040 |a BD-DhAAL  |c BD-DhAAL 
110 2 |a International Monetary Fund. 
245 1 0 |a Union of the Comoros :   |b Interim Poverty Reduction Strategy Paper; Joint Staff Advisory Note. 
264 1 |a Washington, D.C. :  |b International Monetary Fund,  |c 2006. 
300 |a 1 online resource (8 pages) 
490 1 |a IMF Staff Country Reports 
500 |a <strong>Off-Campus Access:</strong> No User ID or Password Required 
500 |a <strong>On-Campus Access:</strong> No User ID or Password Required 
506 |a Electronic access restricted to authorized BRAC University faculty, staff and students 
520 3 |a This paper presents a Joint Staff Advisory Note on the Union of the Comoros's Interim Poverty Reduction Strategy Paper (I-PRSP). The I-PRSP's macroeconomic framework is broadly in line with the government's objectives of improving opportunities and living conditions for the poor. It envisages higher real GDP growth, continued low inflation, higher social spending, and an ambitious medium-term public investment program. The full PRSP could develop the medium-term macroeconomic framework more fully, including by developing alternative scenarios for GDP growth and underlying sectoral performance. 
538 |a Mode of access: Internet 
830 0 |a IMF Staff Country Reports; Country Report ;  |v No. 2006/189 
856 4 0 |z Full text available on IMF  |u http://elibrary.imf.org/view/journals/002/2006/189/002.2006.issue-189-en.xml  |z IMF e-Library